00673nam a2200217 a 450000100060000000300080000600500170001400800410003103500190007204000270009104100080011808200250012610000210015124500520017225000120022426000650023630000250030150400370032650500780036365000140044164124BD-RjUL20211209081255.0170109r19541951enka b 001 0 eng d a(BD-RjUL)64254 aDLCcCSUdBD-RjULbeng aeng 223a940.18bRUH 19541 aRunciman, Steven12aA history of the Crusades /cby Steven Runciman a1st ed. aLondon :bCambridge University Press,c1951 [Reprinted1954]. aV. :bill. ;c22 cm. aIncludes bibliography and index.0 aV-1.-- The First Crusade and the foundation of the Kingdom of Jerusalem.  0aCrusades.